Islam in Global History. (Record no. 348448)
[ view plain ]
| 000 -LEADER | |
|---|---|
| fixed length control field | 00377 a2200157 4500 |
| 020 ## - INTERNATIONAL STANDARD BOOK NUMBER | |
| International Standard Book Number | 9695190472 |
| 082 ## - DEWEY DECIMAL CLASSIFICATION NUMBER | |
| Classification number | 297.09 |
| 090 ## - LOCALLY ASSIGNED LC-TYPE CALL NUMBER (OCLC); LOCAL CALL NUMBER (RLIN) | |
| -- | 6061 |
| -- | 6061 |
| 100 ## - MAIN ENTRY--PERSONAL NAME | |
| Personal name | Ahmed,Nazeer. |
| 245 ## - TITLE STATEMENT | |
| Title | Islam in Global History. |
| Statement of responsibility, etc. | Dr.Nazeer Ahmed. |
| 250 ## - EDITION STATEMENT | |
| Edition statement | 1st. |
| 260 ## - PUBLICATION, DISTRIBUTION, ETC. | |
| Place of publication, distribution, etc. | Lahore. |
| Name of publisher, distributor, etc. | Suhail Academy. |
| Date of publication, distribution, etc. | 2002. |
| 300 ## - PHYSICAL DESCRIPTION | |
| Extent | 786p. |
| 500 ## - GENERAL NOTE | |
| General note | Hardcover. |
| 942 ## - ADDED ENTRY ELEMENTS (KOHA) | |
| Institution code [OBSOLETE] | NBS |
| Koha item type | Book |
| Call number prefix | 297.09 AHM |
| Withdrawn status | Lost status | Damaged status | Not for loan | Permanent Location | Current Location | Shelving location | Date acquired | Total Checkouts | Total Renewals | Full call number | Barcode | Date last seen | Date last checked out | Price effective from | Koha item type |
|---|---|---|---|---|---|---|---|---|---|---|---|---|---|---|---|
| Central Library (CL) | Central Library (CL) | First Floor - Islam | 08/28/2013 | 2 | 3 | 297.09 AHM | NBSD-1513 | 03/07/2025 | 01/30/2020 | 08/28/2013 | Book | ||||
| Central Library (CL) | Central Library (CL) | First Floor - Islam | 08/28/2013 | 1 | 1 | 297.09 AHM | NBSD-1522 | 12/10/2021 | 04/16/2019 | 08/28/2013 | Book | ||||
| Central Library (CL) | Central Library (CL) | First Floor - Islam | 08/28/2013 | 2 | 297.09 AHM | NBSD-1447 | 02/12/2026 | 01/02/2026 | 08/28/2013 | Book | |||||
| NUST Law School (NLS) | NUST Law School (NLS) | First Floor - Islam | 08/28/2013 | 3 | 2 | 297.09 AHM | NBSD-1515 | 09/16/2024 | 08/21/2024 | 08/28/2013 | Book |
